[Event "AUTO-INT-3917"]
[Site "http://www.queenalice.com/game.php?id=1859688"]
[Date "2025.7.8"]
[Round "2"]
[White "game"]
[Black "Jomaley"]
[Result "1-0"]
[WhiteElo "1779"]
[BlackElo "1512"]

1. e4 e5 2. Nf3 Bd6 3. Bc4 Nh6 4. d4 f6 5. Nh4 Bb4+ 6. Bd2 a5 7. Qh5+ Ke7 8. c3
Bd6 9. Nf5+ Kf8 10. Nxh6 Qe7 11. Nf5 g6 12. Qh6+ Ke8 13. Nxe7 Bxe7 14. Qg7 1-0

[Event "AUTO-INT-3941"]
[Site "http://www.queenalice.com/game.php?id=1861270"]
[Date "2025.8.7"]
[Round "1"]
[White "Jomaley"]
[Black "game"]
[Result "0-1"]
[WhiteElo "1461"]
[BlackElo "1651"]

1. e4 e5 2. Nf3 d6 3. Nxe5 dxe5 4. d3 Nf6 5. Bg5 Be7 6. h3 O-O 7. Nc3 Qd6 8. Qf3
Qb6 9. Na4 Qa5+ 10. c3 Qxa4 11. Bxf6 Bxf6 12. g4 Qc2 13. Be2 Qxb2 14. O-O Qxc3
15. h4 Bxh4 16. Rac1 Qd2 17. Rxc7 Qg5 18. Rxc8 Rxc8 19. a4 Nd7 20. Rb1 Qd2 21.
Rxb7 Rc1+ 22. Bf1 Qe1 23. Qg2 Nf6 24. Rb2 h5 25. gxh5 Nxh5 26. Qh3 g5 27. d4 Nf4
28. Qe3 Qxf1+ 29. Kh2 Qg2# 0-1

[Event "AUTO-INT-3941"]
[Site "http://www.queenalice.com/game.php?id=1861285"]
[Date "2025.8.7"]
[Round "1"]
[White "Jomaley"]
[Black "caradepau"]
[Result "1-0"]
[WhiteElo "1465"]
[BlackElo "1677"]

1. e4 e5 2. d3 Bc5 3. Qf3 d6 4. g4 h6 5. Bh3 Nf6 6. g5 hxg5 7. Bxc8 Qxc8 8. Bxg5
Qe6 9. Bxf6 gxf6 10. Nd2 Nc6 11. c3 a6 12. b4 Ba7 13. Ne2 O-O-O 14. a4 Rh3 15.
Qg2 Rxd3 16. h4 f5 17. exf5 Qxf5 18. b5 axb5 19. axb5 Bxf2+ 20. Qxf2 Qxf2+ 21.
Kxf2 Rxd2 22. Ke3 Rd5 23. bxc6 bxc6 24. h5 Re8 25. h6 Rh8 26. c4 Rc5 27. Kd3 d5
28. cxd5 Rxd5+ 29. Ke4 Kd7 30. Raf1 Ke7 31. Rc1 Kd6 32. h7 Rc5 33. Rcf1 Rc4+ 34.
Kd3 Rg4 35. Rxf7 c5 36. Rh6+ Kd5 37. Rd7# 1-0

[Event "AUTO-INT-3941"]
[Site "http://www.queenalice.com/game.php?id=1861286"]
[Date "2025.8.7"]
[Round "1"]
[White "caradepau"]
[Black "Jomaley"]
[Result "0-1"]
[WhiteElo "1666"]
[BlackElo "1479"]

1. e4 e5 2. Bc4 Nh6 3. d3 Bb4+ 4. c3 Bd6 5. Bxh6 gxh6 6. Qh5 Qf6 7. Nd2 c6 8.
Ngf3 b5 9. Bb3 b4 10. cxb4 Bxb4 11. O-O Ba6 12. Nxe5 Bxd2 13. Bxf7+ Ke7 14. Rfd1
Bg5 15. d4 Rf8 16. Bb3 Qxf2+ 17. Kh1 Be2 18. Qh3 Bxd1 19. Rxd1 Bd2 20. g4 Qxd4
21. Qh4+ Rf6 22. Qg3 Qxb2 23. g5 hxg5 24. Qxg5 Bxg5 25. Ng4 Rf4 26. Bc4 Rxg4 27.
a4 Qg2# 0-1

[Event "AUTO-OPEN-4608"]
[Site "http://www.queenalice.com/game.php?id=1861347"]
[Date "2025.8.9"]
[Round "1"]
[White "chessman"]
[Black "Jomaley"]
[Result "1-0"]
[WhiteElo "2036"]
[BlackElo "1453"]

1. e4 e5 2. Nf3 Bd6 3. Bc4 Nh6 4. O-O g5 5. d4 exd4 6. Bxg5 Be7 7. Qxd4 Bxg5 8.
Qxh8+ Ke7 9. Qe5+ Kf8 10. Qxg5 Qxg5 11. Nxg5 d6 12. Nxh7+ Kg7 13. Ng5 f6 14.
Ne6+ Kg6 15. Nxc7 Nc6 16. Nxa8 Nd4 17. Nc3 Nxc2 18. Rac1 Nb4 19. Nc7 a6 20. N7d5
Nc6 21. Nb6 Bg4 22. f3 Bh5 23. g4 Bxg4 24. fxg4 Nxg4 25. Ncd5 Nb4 26. Nxb4 Ne3
27. Rf3 1-0

[Event "AUTO-OPEN-4608"]
[Site "http://www.queenalice.com/game.php?id=1861348"]
[Date "2025.8.9"]
[Round "1"]
[White "Jomaley"]
[Black "chessman"]
[Result "0-1"]
[WhiteElo "1467"]
[BlackElo "2026"]

1. e4 e6 2. h4 Nf6 3. d3 d5 4. exd5 exd5 5. Bg5 Be7 6. Bxf6 Bxf6 7. c3 O-O 8. d4
Re8+ 9. Ne2 Nc6 10. h5 h6 11. Qd3 Bg4 12. f3 Bh4+ 13. Rxh4 Qxh4+ 14. Kd1 Qf2 15.
Nd2 Bxh5 16. Nf4 Bg6 17. Nxg6 Re3 18. Qb5 fxg6 19. Qxb7 Rb8 20. Qxc6 Rxb2 21.
Qxd5+ Kh7 22. Ne4 Re1# 0-1

[Event "AUTO-OPEN-4608"]
[Site "http://www.queenalice.com/game.php?id=1861367"]
[Date "2025.8.9"]
[Round "1"]
[White "IranSilva"]
[Black "Jomaley"]
[Result "1-0"]
[WhiteElo "2254"]
[BlackElo "1463"]

1. Nf3 f6 2. g3 e5 3. d3 Bb4+ 4. c3 Bc5 5. e4 b6 6. Bg2 Bxf2+ 7. Kxf2 Nh6 8.
Bxh6 gxh6 9. Nh4 d6 10. Qh5+ Kd7 11. Rf1 Kc6 12. d4 Ba6 13. Rd1 exd4 14. Qd5+
Kd7 15. Bh3+ Ke8 16. Qxa8 dxc3 17. Nxc3 c6 18. Qxa7 Bb5 19. Nxb5 cxb5 20. Nf5
Nc6 21. Qg7 Rf8 22. Nxd6+ Qxd6 23. Rxd6 Ne5 24. Bd7+ Nxd7 25. Qxd7# 1-0

[Event "AUTO-OPEN-4608"]
[Site "http://www.queenalice.com/game.php?id=1861368"]
[Date "2025.8.9"]
[Round "1"]
[White "Jomaley"]
[Black "IranSilva"]
[Result "0-1"]
[WhiteElo "1469"]
[BlackElo "2233"]

1. e4 e5 2. d3 Nc6 3. a3 g6 4. h4 h5 5. Bg5 f6 6. Be3 Bg7 7. g4 Nge7 8. gxh5
Rxh5 9. Be2 Rh8 10. h5 g5 11. Nf3 d5 12. exd5 Nxd5 13. c4 Nxe3 14. fxe3 Bg4 15.
Qb3 Qd7 16. Nbd2 O-O-O 17. a4 Bxh5 18. a5 a6 19. Ne4 Bxf3 20. Bxf3 Qxd3 21. Qxd3
Rxh1+ 22. Bxh1 Rxd3 23. Ke2 Nb4 24. Nc5 Rxe3+ 25. Kxe3 Nc2+ 26. Kd2 Nxa1 27.
Bxb7+ Kb8 28. Bxa6 Ka7 29. b4 Bf8 30. Bc8 Bxc5 31. bxc5 Nb3+ 32. Kc3 Nxa5 33.
Bd7 Kb7 34. Kb4 Nc6+ 35. Kb5 Nd4+ 36. Ka4 f5 37. Kb4 g4 38. Ka5 g3 39. c6+ Nxc6+
40. Kb5 Nd4+ 41. Kc5 g2 42. Kd5 g1=Q 43. Kxe5 Qe3+ 0-1

[Event "AUTO-OPEN-4608"]
[Site "http://www.queenalice.com/game.php?id=1861377"]
[Date "2025.8.9"]
[Round "1"]
[White "Capixaba789"]
[Black "Jomaley"]
[Result "1/2-1/2"]
[WhiteElo "1904"]
[BlackElo "1465"]

1. d4 d5 2. Nc3 Be6 3. f4 f5 4. Nf3 c6 5. e3 h6 6. Bd3 g6 7. O-O h5 8. Ne5 h4 9.
Nxg6 Rh6 10. Nxf8 Kxf8 11. Qf3 Qe8 12. Bd2 Qg6 13. h3 Nd7 14. a4 a5 15. Rae1 Nb6
16. b3 Nf6 17. Bc1 Ne4 18. Nd1 Ng3 19. Nf2 Nxf1 20. Rxf1 Nd7 21. Ba3 Qg7 22. Be2
Rg6 23. Nd3 Rg3 24. Qf2 Nf6 25. Bf3 Ne4 26. Bxe4 dxe4 27. Ne5 Rxh3 28. Rd1 Rg3
29. Rd2 h3 30. Qf1 Rxg2+ 31. Rxg2 hxg2 32. Qf2 b5 33. Nxc6 b4 34. Bb2 Ra6 35.
Ne5 Bf7 36. Qxg2 Qxg2+ 37. Kxg2 Be8 38. c4 bxc3 39. Bxc3 Ra7 40. b4 axb4 41.
Bxb4 Rxa4 42. Bc5 Ra2+ 43. Kf1 Bb5+ 44. Ke1 Re2+ 45. Kd1 Rxe3 46. Ng6+ Kf7 47.
Nxe7 Ke6 48. d5+ Kd7 49. Bxe3 Kxe7 50. Bc5+ Kd7 51. d6 e3 52. Bxe3 Kxd6 53. Kd2
Kd5 54. Kc3 Ke4 55. Bc1 Bd3 1/2-1/2

[Event "AUTO-OPEN-4608"]
[Site "http://www.queenalice.com/game.php?id=1861378"]
[Date "2025.8.9"]
[Round "1"]
[White "Jomaley"]
[Black "Capixaba789"]
[Result "0-1"]
[WhiteElo "1465"]
[BlackElo "1866"]

1. e4 e5 2. Nf3 d6 3. d3 Nf6 4. Bg5 Be7 5. Bxf6 gxf6 6. Nh4 Nc6 7. c3 Be6 8. Nf5
Bxf5 9. exf5 Qd7 10. g4 O-O-O 11. b4 e4 12. a4 exd3 13. Bxd3 Ne5 14. Bb5 c6 15.
Be2 h5 16. gxh5 Qxf5 17. b5 Kb8 18. bxc6 Nxc6 19. a5 Qe5 20. a6 b6 21. h4 Rxh5
22. Ra3 d5 23. Kf1 Bxa3 24. Nxa3 Rh6 25. Bb5 Na5 26. c4 d4 27. c5 Qxc5 28. Qf3
Rg6 29. Nc4 Qxb5 30. Qd3 Qxc4 31. Qxc4 Nxc4 32. h5 Rh6 0-1

[Event "AUTO-OPEN-4612"]
[Site "http://www.queenalice.com/game.php?id=1862305"]
[Date "2025.8.31"]
[Round "1"]
[White "MarcosT"]
[Black "Jomaley"]
[Result "1-0"]
[WhiteElo "2116"]
[BlackElo "1471"]

1. d4 d5 2. e3 e6 3. Bd3 Bb4+ 4. c3 Bd6 5. Nd2 c5 6. b3 cxd4 7. cxd4 Nc6 8. Ne2
e5 9. Bb2 e4 10. Bc2 Bg4 11. O-O Qc7 12. g3 h5 13. f3 exf3 14. Nxf3 Bxf3 15.
Rxf3 g6 16. Qb1 Rh6 17. Nc3 Nb4 18. Nb5 Qd8 19. Nxd6+ Qxd6 20. e4 h4 21. e5 Qc7
22. e6 fxe6 23. Bxg6+ Rxg6 24. Qxg6+ Kd7 25. Rf7+ Ne7 26. Qg7 Re8 27. gxh4 Nd3
28. Ba3 Qc3 29. Rxe7+ Rxe7 30. Qxe7+ Kc6 31. Qxe6+ Kb5 32. Qxd5+ Ka6 33. Qc4+
Qxc4 34. bxc4 b5 35. cxb5+ Kxb5 36. h5 Ka4 37. h6 Kxa3 38. h7 1-0

[Event "AUTO-OPEN-4612"]
[Site "http://www.queenalice.com/game.php?id=1862306"]
[Date "2025.8.31"]
[Round "1"]
[White "Jomaley"]
[Black "MarcosT"]
[Result "0-1"]
[WhiteElo "1496"]
[BlackElo "2100"]

1. e4 e5 2. h4 Nf6 3. Bd3 Nc6 4. c3 Bc5 5. Nh3 d5 6. exd5 Qxd5 7. Qf3 Qd6 8. Bb5
Bd7 9. Bxc6 Bxc6 10. Qg3 O-O-O 11. Ng5 Qd7 12. b4 Bb6 13. O-O h6 14. Nf3 Nh5 15.
Qxe5 Qg4 16. Qe2 Ng3 17. Qe5 Rhe8 18. Qxg3 Qxg3 0-1

[Event "AUTO-OPEN-4612"]
[Site "http://www.queenalice.com/game.php?id=1862331"]
[Date "2025.8.31"]
[Round "1"]
[White "raulzampronha"]
[Black "Jomaley"]
[Result "1-0"]
[WhiteElo "2244"]
[BlackElo "1476"]

1. e4 e5 2. Nf3 Bd6 3. Bc4 Nh6 4. d4 Ng4 5. h3 Nf6 6. dxe5 Bb4+ 7. c3 Bc5 8.
exf6 Qxf6 9. O-O c6 10. e5 Qg6 11. Nh4 Qe4 12. Qg4 Qxg4 13. hxg4 h5 14. g5 g6
15. Nd2 b5 16. Bd3 d6 17. Ne4 Bf5 18. Nxc5 dxc5 19. Bxf5 gxf5 20. Nxf5 h4 21.
Be3 c4 22. Rfd1 h3 23. Bc5 Nd7 24. Bd6 hxg2 25. Kxg2 Rg8 26. f4 Nb6 27. Kf3 Na4
28. Rd2 a5 29. Re1 Rg6 30. Rh1 Rd8 31. Rh8+ Kd7 32. Rxd8+ Kxd8 33. Bb4+ Ke8 34.
Be7 Re6 35. Rd8# 1-0

[Event "AUTO-OPEN-4612"]
[Site "http://www.queenalice.com/game.php?id=1862332"]
[Date "2025.8.31"]
[Round "1"]
[White "Jomaley"]
[Black "raulzampronha"]
[Result "0-1"]
[WhiteElo "1487"]
[BlackElo "2178"]

1. f4 Nf6 2. d3 d5 3. h3 Nc6 4. c3 e5 5. fxe5 Nxe5 6. Bg5 h6 7. Bxf6 Qxf6 8. Nf3
Nxf3+ 9. exf3 Bd6 10. Qe2+ Be6 11. Nd2 Bg3+ 12. Kd1 O-O 13. d4 Rfe8 14. Qb5 Bf5
15. Bd3 c6 16. Qxb7 Bxd3 17. Nb3 Qe6 18. Nc5 Qe2+ 19. Kc1 Qc2# 0-1

[Event "AUTO-OPEN-4612"]
[Site "http://www.queenalice.com/game.php?id=1862349"]
[Date "2025.8.31"]
[Round "1"]
[White "Jomaley"]
[Black "Capixaba789"]
[Result "1-0"]
[WhiteElo "1435"]
[BlackElo "1947"]

1. e4 Nf6 2. d3 e5 3. Bg5 Be7 4. Bxf6 gxf6 5. g3 d5 6. Nc3 d4 7. Nd5 Be6 8. Nf3
Nc6 9. Nxe7 Qxe7 10. h4 O-O-O 11. a4 h5 12. a5 a6 13. Qd2 Bg4 14. Be2 f5 15.
exf5 Bxf5 16. Ra4 e4 17. dxe4 Bxe4 18. O-O Qf6 19. Ng5 Ne5 20. Nxe4 Qg7 21. b4
f5 22. Nc5 Ng4 23. Ne6 Qd7 24. Nxd8 Qxa4 25. Qxd4 Rxd8 26. Qf4 Qe8 27. Qxf5+ Kb8
28. Bxg4 hxg4 29. Qxg4 1-0

[Event "AUTO-OPEN-4612"]
[Site "http://www.queenalice.com/game.php?id=1862350"]
[Date "2025.8.31"]
[Round "1"]
[White "Capixaba789"]
[Black "Jomaley"]
[Result "1-0"]
[WhiteElo "1910"]
[BlackElo "1467"]

1. d4 d5 2. Nc3 e6 3. e4 dxe4 4. Nxe4 f5 5. Ng5 h6 6. Qh5+ Kd7 7. Bf4 Nf6 8. Nf7
Bb4+ 9. c3 Bd6 10. Qf3 Rf8 11. Nxd6 cxd6 12. O-O-O Nd5 13. Bb5+ Ke7 14. Ba4 Bd7
15. Bb3 Bc6 16. Qg3 Nxf4 17. d5 Nxd5 18. Qxg7+ Rf7 19. Qxh6 Na6 20. Nf3 Nc5 21.
Bc2 b5 22. Rhe1 b4 23. c4 Nb6 24. b3 Bxf3 25. gxf3 a5 26. Qh3 a4 27. Qh4+ Kd7
28. Qd4 d5 29. Qxc5 axb3 30. Bxb3 Qc7 31. Qxb4 Rb8 32. Qc3 Rh7 33. Qe3 Nxc4 34.
Qxe6+ Kd8 35. Rxd5+ Qd7 36. Qg8+ Kc7 37. Rxd7+ Rxd7 38. Qxc4+ Kd8 39. Qe6 Rc8+
40. Kb1 f4 41. Qe8+ Kc7 42. Rc1+ 1-0

[Event "AUTO-INT-3943"]
[Site "http://www.queenalice.com/game.php?id=1862455"]
[Date "2025.9.2"]
[Round "1"]
[White "Jomaley"]
[Black "dosoldini"]
[Result "0-1"]
[WhiteElo "1442"]
[BlackElo "1666"]

1. e4 e5 2. d3 Nc6 3. c3 d6 4. h4 Be7 5. Na3 Nf6 6. Bg5 d5 7. f3 Nh5 8. Bxe7
Qxe7 9. exd5 Nb4 10. cxb4 Qxb4+ 11. Ke2 Qxb2+ 12. Nc2 Ng3+ 13. Kd2 Nxh1 14. g4
Nf2 15. Qe2 Nh1 16. Qxe5+ Qxe5 0-1

[Event "AUTO-INT-3943"]
[Site "http://www.queenalice.com/game.php?id=1862456"]
[Date "2025.9.2"]
[Round "1"]
[White "dosoldini"]
[Black "Jomaley"]
[Result "1-0"]
[WhiteElo "1622"]
[BlackElo "1489"]

1. e4 e5 2. Nc3 c6 3. Nf3 Bd6 4. a3 b5 5. d4 exd4 6. Nxd4 Nf6 7. Nf3 Nxe4 8.
Nxe4 Be7 9. Qe2 O-O 10. Qd3 Qa5+ 11. Bd2 Qb6 12. Be2 h6 13. O-O d5 14. Ng3 Bg4
15. h3 Bxf3 16. Bxf3 Nd7 17. Be3 Qc7 18. Qc3 Ne5 19. Nf5 Nxf3+ 20. gxf3 Bf6 21.
Qb4 Qe5 22. Qg4 Qxb2 23. Nxh6+ Kh8 24. Rae1 gxh6 25. Kh1 Bg5 26. Bd4+ Qxd4 27.
Qxd4+ Kg8 28. h4 Bd8 29. Rg1+ Bg5 30. Qg4 f6 31. Re6 c5 32. Qh5 Kg7 33. Re7+ Kh8
34. Qg6 Bxh4 35. Qh7# 1-0

[Event "AUTO-INT-3931"]
[Site "http://www.queenalice.com/game.php?id=1862475"]
[Date "2025.9.3"]
[Round "2"]
[White "Jomaley"]
[Black "Ruusgugg"]
[Result "0-1"]
[WhiteElo "1464"]
[BlackElo "1321"]

1. e4 g5 2. d3 e5 3. Nf3 Qf6 4. Bxg5 Qb6 5. b3 h6 6. Be3 Qg6 7. Nc3 Bb4 8. Bd2
Nc6 9. a3 Bc5 10. b4 Bb6 11. b5 Nd4 12. Nxd4 Bxd4 13. Nd5 Kd8 14. Be2 Qxg2 15.
Bf3 Qxf2# 0-1

[Event "AUTO-INT-3931"]
[Site "http://www.queenalice.com/game.php?id=1862477"]
[Date "2025.9.3"]
[Round "2"]
[White "Jomaley"]
[Black "altair"]
[Result "0-1"]
[WhiteElo "1496"]
[BlackElo "1793"]

1. e4 e5 2. h4 d6 3. d3 h6 4. g4 Nf6 5. f3 Nc6 6. c3 Be7 7. g5 hxg5 8. Bxg5 Be6
9. Bxf6 Bxf6 10. Na3 a6 11. Ne2 Bxh4+ 12. Rxh4 Qxh4+ 13. Kd2 O-O-O 14. b4 d5 15.
exd5 Bxd5 16. b5 axb5 17. Nxb5 Bc4 18. d4 Bxb5 19. Qb3 Bxe2 20. Bxe2 Qf4+ 21.
Kd3 Nb8 22. d5 Rh3 23. Qc4 e4+ 24. Kc2 Re8 25. Qb5 Rd8 26. fxe4 Qxe4+ 27. Bd3
Rh2+ 28. Kb3 Qg2 29. Bf5+ Nd7 30. Rb1 Qxa2+ 31. Kb4 Qxb1+ 32. Bxb1 Rb2+ 33. Kc4
Rxb5 34. Kxb5 Ne5 35. c4 g5 36. Bf5+ Kb8 37. Kc5 g4 38. Kd4 f6 39. Ke4 g3 40.
Bh3 Nxc4 41. Bg2 Nd6+ 42. Kd4 f5 43. Ke3 Rf8 44. Kf4 b5 45. Kxg3 b4 0-1

[Event "AUTO-INT-3931"]
[Site "http://www.queenalice.com/game.php?id=1862478"]
[Date "2025.9.3"]
[Round "2"]
[White "altair"]
[Black "Jomaley"]
[Result "1-0"]
[WhiteElo "1820"]
[BlackElo "1478"]

1. e4 e5 2. Nf3 d6 3. d3 Bg4 4. h3 Bxf3 5. Qxf3 h6 6. Nc3 c6 7. Be2 Nf6 8. a3 a5
9. O-O Nbd7 10. b3 d5 11. exd5 cxd5 12. Nxd5 Nxd5 13. Qxd5 f6 14. Bh5+ Ke7 15.
a4 b6 16. Ba3+ Nc5 17. Qf7+ Kd6 18. Bxc5+ Kxc5 19. Qc4+ Kd6 20. Bf3 Rc8 21. Qg4
Rxc2 22. Rfd1 h5 23. Qe4 g5 24. d4 Qc8 25. dxe5+ Ke6 26. Qd5+ Ke7 27. Qd6+ Kf7
28. Qxf6+ Kg8 29. Qxg5+ Bg7 30. Rd8+ Qxd8 31. Qxd8+ Kf7 32. Bd5+ Kg6 33. Qd6+
Kg5 34. Qe7+ Kg6 35. Be4+ Kh6 36. Qe6+ Kg5 37. Bxc2 h4 38. Qf5+ Kh6 39. Qg6# 1-0

[Event "AUTO-INT-3944"]
[Site "http://www.queenalice.com/game.php?id=1862968"]
[Date "2025.9.13"]
[Round "1"]
[White "Jomaley"]
[Black "Quanah4"]
[Result "0-1"]
[WhiteElo "1506"]
[BlackElo "1650"]

1. e4 c5 2. c4 g6 3. d3 Bg7 4. Qc2 Nc6 5. Be3 b6 6. a4 e6 7. h4 h5 8. Bg5 Nge7
9. Nc3 f6 10. Be3 O-O 11. Qd2 d5 12. exd5 exd5 13. cxd5 Nxd5 14. Nb5 Re8 15. Be2
a6 16. Nc3 Bb7 17. g4 Nxe3 18. fxe3 Ne5 19. gxh5 Bxh1 20. hxg6 Nxg6 21. h5 f5
22. O-O-O Bh6 23. Nh3 Bxe3 24. Qxe3 Rxe3 25. Bf1 Ne5 26. h6 Bc6 27. Ng5 Qxg5 0-1

[Event "AUTO-INT-3944"]
[Site "http://www.queenalice.com/game.php?id=1862971"]
[Date "2025.9.13"]
[Round "1"]
[White "Yanni"]
[Black "Jomaley"]
[Result "0-1"]
[WhiteElo "1517"]
[BlackElo "1474"]

1. e4 e5 2. Bc4 Bd6 3. a3 a5 4. Nc3 c6 5. Nf3 h6 6. h3 Qf6 7. d3 b5 8. Bxb5 cxb5
9. Nd5 Qd8 10. Be3 Bb7 11. Bb6 Qc8 12. Nh4 Bxd5 13. exd5 a4 14. b4 axb3 15. cxb3
Qc3+ 16. Qd2 Qxa1+ 17. Qd1 Qxa3 18. O-O Nf6 19. Nf3 Nxd5 20. Be3 Nxe3 21. fxe3
Qc5 22. Nh4 Qxe3+ 23. Rf2 Bc5 24. Nf5 Qxf2+ 25. Kh2 Qxf5 26. Qc1 d6 27. b4 Bxb4
28. Qb1 Nc6 29. Qg1 O-O 30. Qb6 Qf4+ 31. Kg1 Ra1# 0-1

[Event "AUTO-INT-3951"]
[Site "http://www.queenalice.com/game.php?id=1865481"]
[Date "2025.11.12"]
[Round "1"]
[White "Jomaley"]
[Black "Carlos19"]
[Result "0-1"]
[WhiteElo "1517"]
[BlackElo "1648"]

1. e4 e5 2. h4 Nf6 3. d3 Bc5 4. Nh3 d6 5. Bg5 h6 6. Bxf6 Qxf6 7. f3 Nc6 8. c3
O-O 9. Nd2 b5 10. c4 b4 11. a3 bxa3 12. bxa3 Qxh4+ 13. Ke2 Nd4+ 14. Ke3 Nb3+ 15.
Ke2 Bxh3 16. Nxb3 Qf2# 0-1